Estrategias de sobrevivencia campesina en ecosistemas fragiles. Los ch'orti' en las laderas secas del oriente de Guatemala /

Uloženo v:
Podrobná bibliografie
Hlavní autor: Dary Fuentes, Claudia
Další autoři: Elias, Silvel Reyna, Violeta
Médium: Text
Vydáno: Guatemala: Flacso
Tagy: Přidat tag
Žádné tagy, Buďte první, kdo vytvoří štítek k tomuto záznamu!

MARC

LEADER 00000 a a2200000 04500
001 24729
003
040
090 |a 173200  
100 |a Dary Fuentes, Claudia  
245 |a Estrategias de sobrevivencia campesina en ecosistemas fragiles. Los ch'orti' en las laderas secas del oriente de Guatemala /  |c Claudia Dary Fuentes 
260 |a Guatemala:   |b Flacso  
300 |a 353 p   |b **no definido**   |b fonodiscos  
700 |a Elias, Silvel   |a Reyna, Violeta  
999 |c 6720  |d 6720